A mi padre en su honor : (Registro nro. 4125)

Detalles MARC
000 -LEADER
fixed length control field 02127nam a2200229Ia 4500
003 - CONTROL NUMBER IDENTIFIER
control field OSt
005 - DATE AND TIME OF LATEST TRANSACTION
control field 20220218162820.0
008 - FIXED-LENGTH DATA ELEMENTS--GENERAL INFORMATION
fixed length control field 191128s1999 ck gr 000 p spa d
020 ## - INTERNATIONAL STANDARD BOOK NUMBER
International Standard Book Number 9684068905
040 ## - CATALOGING SOURCE
Original cataloging agency CO-JMCR
Transcribing agency CO-JMCR
041 ## - LANGUAGE CODE
Language code of text/sound track or separate title spa
082 04 - DEWEY DECIMAL CLASSIFICATION NUMBER
Classification number P /
Item number VELa
100 1# - MAIN ENTRY--PERSONAL NAME
Personal name López Velarde, Ramón,
Relator term autor.
9 (RLIN) 9487
245 12 - TITLE STATEMENT
Title A mi padre en su honor :
Remainder of title antología /
Statement of responsibility, etc. López Velarde, Neruda, Machado, Sabines, Borges y otros.
250 ## - EDITION STATEMENT
Edition statement Primera edición.
260 ## - PUBLICATION, DISTRIBUTION, ETC.
Place of publication, distribution, etc. Bogotá :
Name of publisher, distributor, etc. Planeta,
Date of publication, distribution, etc. 1999.
300 ## - PHYSICAL DESCRIPTION
Extent 101 páginas ;
Dimensions 21 cm.
505 0# - FORMATTED CONTENTS NOTE
Title A mi padre /
Statement of responsibility Ramón López Velarde --
Title Todas las tardes /
Statement of responsibility Eliseo Diego --
Title 9 de febrero de 1913 /
Statement of responsibility Alonso Reyes --
Title Carbón /
Statement of responsibility Gonzalo Rojas --
Title La casa vacía /
Statement of responsibility Beatriz Novaro --
Title Doce versos a la sombra de mi padre /
Statement of responsibility Francisco Hernandez --
Title El padre /
Statement of responsibility Pablo Neruda --
Title Mi padre regresa y duerme /
Statement of responsibility Eugenio Montejo --
Title El retorno de Electra /
Statement of responsibility Enriqueta Ochoa --
Title Notas para un árbol genealógico /
Statement of responsibility Margarita Michelena --
Title A mi padre /
Statement of responsibility Roberto Cabral del Hoyo --
Title Tablas /
Statement of responsibility Enrique Gonzalez --
Title Poemas pasiegos /
Statement of responsibility Hugo Gutiérrez Vega --
Title Padre, poder /
Statement of responsibility Jorge Hernández Campos --
Title La piedra en el fondo /
Statement of responsibility Manuel Ulacia --
Title Esta luz de sevilla /
Statement of responsibility Antonio Machado --
Title Bajo el cielo de marzo /
Statement of responsibility Vicente Aleixandre --
Title Traigo flores, dotor /
Statement of responsibility Claribel Alegría --
Title Mi padre, el inmigrante /
Statement of responsibility Alicia García Bergua --
Title Mi padre siempre trabajo en lo mismo /
Statement of responsibility Fabio Morábito --
Title Pasado en claro /
Statement of responsibility Octavio Paz --
Title El poseído /
Statement of responsibility José Manuel Arango --
Title En el medio del mismo día /
Statement of responsibility Eliseo Diego --
Title Levitación /
Statement of responsibility Eugenio Montejo --
Title Prosa para mi nacimiento /
Statement of responsibility Cintio Vitier --
Title Algo sobre la muerte del señor Sabines /
Statement of responsibility Jaime Sabines --
Title La mesa /
Statement of responsibility Jorge Hernández Campos --
Title A mi padre /
Statement of responsibility Jorge Luis Borges.
520 ## - SUMMARY, ETC.
Summary, etc. Padres amorosos y padres distantes, intempestivos y bondadosos, vivos o muertos… Este libro reúneuna variada selección de la mejor poesia iberoamericana dedicada al padre, dador de vida y manantial de experiencia.
650 14 - SUBJECT ADDED ENTRY--TOPICAL TERM
Topical term or geographic name entry element Poesia
9 (RLIN) 9488
942 ## - ADDED ENTRY ELEMENTS (KOHA)
Source of classification or shelving scheme Dewey Decimal Classification
Koha item type Books
Existencias
Withdrawn status Lost status Source of classification or shelving scheme Materials specified (bound volume or other part) Damaged status Not for loan Home library Current library Date acquired Source of acquisition Total Checkouts Total Renewals Full call number Barcode Date last seen Date last checked out Copy number Koha item type
    Dewey Decimal Classification Donación--30/07/2018--     Biblioteca Pública José María del Castillo y Rada Biblioteca Pública José María del Castillo y Rada 11/28/2019 Donación 6 4 P / VELa 201808931 06/25/2024 06/25/2024 Ej.1 Books